000 00459nam a2200157Ia 4500
003 GCL
008 140319s9999 xx 000 0 ara d
040 _aGCL /
_cGCL
082 0 4 _a813.03
_bص م
100 1 _aصلاح حافظ
245 1 0 _aالمتمردون - الجزء الاول /
_cصلاح حافظ
490 _aروائع القصص العالمى
_v0
650 0 4 _aالادب العربى
650 0 4 _aالقصص العربية
942 _2ddc
_cBK
999 _c40876
_d40876